| 000 | 00987cam a22002775a 4500 | ||
|---|---|---|---|
| 008 | 100915t1996 gw a fr 001 0 eng d | ||
| 010 | _a 96027470 | ||
| 020 | _a0387588485 | ||
| 020 | _a9783540588481 | ||
| 040 |
_aEG-ScBUE _beng _cEG-ScBUE |
||
| 082 | 0 | 4 |
_a628.52 _bGEO _222 |
| 245 | 0 | 0 |
_aGeochemical approaches to environmental engineering of metals / _cRudolf Reuther (Ed.) |
| 260 |
_aBerlin ; _aNew York : _bSpringer-Verlage Berlin Heidelberg, _cc.1996. |
||
| 300 |
_axi, 221 p. : _bill. ; _c24 cm. |
||
| 490 | 0 | _aEnvironmental science | |
| 500 | _aIndex : p. 213-221. | ||
| 504 | _aIncludes bibliographical references. | ||
| 590 | _adoaa mohamed Reviewed by : Wessam | ||
| 650 | 0 |
_aHeavy metals _xEnvironmental aspects _xCongresses. _919324 _2BUEsh |
|
| 650 | 0 |
_aEnvironmental geochemistry _xCongresses. _919325 _2BUEsh |
|
| 651 | _2BUEsh | ||
| 653 | _bENGGEN | ||
| 655 |
_vreading book _934232 |
||
| 700 | 1 |
_aReuther, R. _q(Rudolf), _d1954- _919326 |
|
| 942 |
_2ddc _k628.52 GEO |
||
| 999 |
_c9702 _d9702 |
||